Alec Benjamin - Boy In The Bubble - Lyrics - Statistics

General Stats
  • This quiz has been taken 86 times
    85 since last reset
  • The average score is 415 of 485
Answer Stats
Answer % Correct
a
100%
I
100%
the
100%
go.
98%
in
98%
It
98%
it
98%
my
98%
and
96%
And
96%
boy
96%
"Boy,
96%
bubble,
96%
bubble..."
96%
face
96%
face,
96%
He
96%
he
96%
like
96%
pain.
96%
Punch
96%
was
96%
but
94%
'cause
94%
do."
94%
do
94%
home.
94%
home
94%
me
94%
no
94%
not
94%
Then
94%
then
94%
to
94%
When
94%
you
94%
you."
94%
"You
94%
came
93%
happen.
93%
I'm
93%
on
93%
trouble,
93%
trouble.
93%
trouble
93%
want
93%
did
91%
did,
91%
gonna
91%
it's
91%
It's
91%
didn't
89%
know
89%
one
89%
said,
89%
said
89%
satisfaction,
89%
she
89%
She
89%
up
89%
up,
89%
up.
89%
for
87%
ground.
87%
had
87%
name.
87%
so
87%
tell
87%
walking
87%
don't
85%
down.
85%
down
85%
Every
85%
every
85%
gotta
85%
mom
85%
Put
85%
put
85%
"Put
85%
things
85%
this
85%
time
85%
told
85%
what
85%
curse
83%
fight.
83%
hands
83%
heart
83%
kid,
83%
that
83%
they
83%
kick
81%
nose.
81%
nose
81%
nose,
81%
wanna
81%
you're
81%
alone.
80%
Knock
80%
ready
80%
why
80%
black
78%
blood
78%
blue."
78%
out,
78%
pumping,
78%
running,
78%
running
78%
suffer,
78%
suffer...
78%
suffer.
78%
thunder,
78%
walked
78%
6:48,
76%
all
76%
chest
76%
let
76%
living
76%
room,
76%
cold.
74%
his
74%
lightning
74%
only
74%
food
72%
plate,
72%
Back
70%
bleeding.
70%
chicken
70%
him
70%
him,
70%
into
70%
look
70%
at
69%
knows.
69%
Mind
69%
scared
69%
broke
67%
day,
67%
day
67%
gate,
67%
house
67%
screaming.
67%
covered
65%
Looking
65%
other
65%
With
65%
with.
65%
broken
63%
Come
63%
excuse
63%
he's
63%
"Son,
63%
through
63%
since
61%
Stepped
61%
who'll
61%
from
59%
say
59%
there's
59%
though.
59%
just
57%
bubbles,
56%
bubbles
56%
dealing
56%
drunk
56%
left
56%
lot
56%
pops
56%
those
56%
Well
56%
Well,
56%
been
54%
dad's
54%
red
54%
while
54%
whiskey
54%
Because
52%
freezing.
52%
hope
52%
air
50%
hook,
48%
sick,
48%
sick
48%
buckle,
46%
clothes,
46%
Drowning
46%
he'll
46%
threw
46%
exposed.
44%
quick
44%
thick
44%
belt
35%
squared
31%
No matching quizzes found
Score Distribution
Percent of People with Each Score
Percentile by Number Answered
Your Score History
You have not taken this quiz since the last reset